Statistiques concernant Chansons de Michel Polnareff

Cliquez ici pour prendre le quiz!

Statistiques générales

  • Ce quiz a été pris 7 fois
  • Le résultat moyen est 20 sur 97

Statistiques - réponses

AlbumTitre% Correct
Le Bal des Laze10Le Bal des Laze
100%
Coucou me revoilou10Lettre à France
100%
Love Me, Please Love Me5Love Me, Please Love Me
100%
Coucou me revoilou9Coucou me revoilou
67%
Fame à la mode1Fame à la mode
67%
Kâmâ Sutrâ7Goodbye Marylou
67%
Love Me, Please Love Me10La Poupée qui fait non
67%
Kâmâ Sutrâ4Kāma-Sūtra
50%
Polnareff's8Qui a tué grand'maman ?
50%
Love Me, Please Love Me9L'Amour avec toi
33%
Kâmâ Sutrâ5LNA HO
33%
Enfin !4Louka's song
33%
Le Bal des Laze9Y'a qu'un ch'veu
33%
Bulles7365 jours par an
17%
Enfin !11Agua caliente
17%
Le Bal des Laze8Âme câline
17%
Polnareff's11À minuit, à midi
17%
Kâmâ Sutrâ8Amours cachets
17%
Coucou me revoilou6À Paris sur mer
17%
Love Me, Please Love Me3Ballade pour toi
17%
Love Me, Please Love Me7Ballade pour un puceau
17%
Kâmâ Sutrâ2Besoin de toi
17%
Incognito1Bronzer vert
17%
Bulles8Bulle de savon
17%
Fame à la mode5Come on Lady Blue
17%
Kâmâ Sutrâ6Comme un tatouage (je matelot)
17%
Polnareff's4Computer's Dream
17%
Incognito2Dans la rue
17%
Enfin !10Dans ta playlist (c'est ta chanson)
17%
Bulles2Elle rit
17%
Incognito6Graffiti
17%
Enfin !3Grandis pas
17%
Polnareff's10Hey You Woman
17%
Love Me, Please Love Me6Histoire de cœur
17%
Fame à la mode8Holding on to Smoke
17%
Coucou me revoilou8J'ai tellement de choses à dire
17%
Fame à la mode7Jesus for Tonite
17%
Bulles4Je t'aime
17%
Bulles6Joue moi de toi
17%
Le Bal des Laze1Jour après jour
17%
Incognito4La belle veut sa revanche (encore et encore)
17%
Coucou me revoilou2Le Cigare à moteur
17%
Coucou me revoilou5Le Clochard des jumbos
17%
Polnareff's5Le désert n'est plus en Afrique
17%
Le Bal des Laze2Le Roi des fourmis
17%
Kâmâ Sutrâ1Les boul' à zéro
17%
Le Bal des Laze6Les Grands Sentiments humains
17%
Enfin !9L'Homme en rouge
17%
Love Me, Please Love Me4L'Oiseau de nuit
17%
Enfin !6Longtime
17%
Coucou me revoilou1Magic Man
17%
Polnareff's7... Mais encore
17%
Le Bal des Laze5Mes regrets
17%
Polnareff's9Monsieur l'Abbé
17%
Polnareff's2Né dans un ice-cream
17%
Fame à la mode2No No No No Not Now
17%
Polnareff's6Nos mots d'amour
17%
Le Bal des Laze11Oh ! Louis
17%
Enfin !5Ophélie flagrant des lits
17%
Bulles5Où est la tosca ?
17%
Polnareff's3Petite, petite
17%
Enfin !1Phantom
17%
Le Bal des Laze7Pipelette
17%
Enfin !7Positions
17%
Bulles3Radio
17%
Fame à la mode6Rainy Day Song
17%
Le Bal des Laze3Rosée d'amour n'a pas vu le Jour, rosée du jour n'a pas eu d'amour
17%
Michel Polnareff3Rosy
17%
Fame à la mode9Since I Saw You
17%
Fame à la mode4So Long Beauty
17%
Love Me, Please Love Me1Sous quelle étoile suis-je né ?
17%
Enfin !2Sumi
17%
Incognito8Sur un seul mot de toi
17%
Bulles1Tam tam
17%
Le Bal des Laze4Ta-ta-ta-ta
17%
Enfin !8Terre Happy
17%
Love Me, Please Love Me2Time Will Tell
17%
Kâmâ Sutrâ3Toi & moi
17%
Coucou me revoilou4Une femme
17%
Coucou me revoilou7Une histoire lamentable
17%
Coucou me revoilou3Une simple mélodie
17%
Incognito7Viens te faire chahuter
17%
Incognito3Visage (Les souvenirs de demain)
17%
Polnareff's1Voyages
17%
Fame à la mode3Wandering Man
17%
Incognito5Y'a que pas pouvoir qu'on peut
17%
Love Me, Please Love Me8You'll Be on My Mind
17%
Michel Polnareff7Il est gros
0%
Michel Polnareff8I Love You Because
0%
Michel Polnareff5La Fille qui rêve de moi
0%
Michel Polnareff1La Fille qui rêve de moi
0%
Michel Polnareff4La Vie, la vie m'a quitté
0%
Michel Polnareff6Le Grand Chapiteau
0%
Michel Polnareff2Le Prince en otage
0%
Michel Polnareff11L'Homme qui pleurait des larmes de verre
0%
Michel Polnareff9Polnarêve
0%
Michel Polnareff10Tibili
0%

Distribution des résultats

Percentile par nombre de réponses

% des personnes avec chaque résultat

Votre développement - résultats

Vous n’avez pas pris ce quiz